[Event "SWE-ch"]
[Site "Gothenburg"]
[Date "2004.07.10"]
[Round "1"]
[White "Berg, Emanuel"]
[Black "Barkhagen, Jonas"]
[Result "1-0"]
[WhiteElo "2510"]
[BlackElo "2477"]
[Annotator "Berg,E"]
[PlyCount "196"]
[EventDate "2004.07.10"]
[EventType "tourn"]
[EventRounds "13"]
[EventCountry "SWE"]
[EventCategory "8"]
[SourceTitle "CBM 101 Extra"]
[Source "ChessBase"]
[SourceDate "2004.09.01"]
[SourceVersion "2"]
[SourceVersionDate "2004.09.01"]
[SourceQuality "1"]
[WhiteClock "0:01:49"]
[BlackClock "2:00:00"]

1. Nf3 Nf6 2. g3 d5 3. Bg2 c6 4. b3 {White would like to strengthen the
control of the e5-square by playing Bb2. Also 4.d4 was fully playable, but it
leads to more known lines which I wanted to avoid.} Bg4 5. Ne5 Bf5 6. Bb2 Nbd7
7. d4 e6 8. Nxd7 (8. Nd2 {was an alternative. Black can now choose between
playing} Nxe5 9. dxe5 Ne4 {or the more quiet 8...Bd6 leading back to the game
variation.}) 8... Qxd7 9. Nd2 Bd6 10. f3 {White´s plan is to carry through
e2-e4 and take central control. My first thought was to start with} (10. O-O {
but I evaluated it as too risky after the energetic} h5 $1 11. f3 h4 12. e4
hxg3 $1 {with a very strong attack for black.}) 10... c5 $1 {Correctly black
strikes back in the center before white gets time to take the command.} 11. e4
dxe4 12. Nxe4 {Unfortunately white must recapture the pawn in this way because}
(12. fxe4 {loses a pawn after} Bg4 13. Bf3 Bxf3 14. Qxf3 cxd4 {and if now 15.
Bxd4 comes Bxg3+ followed by ...Qxd4 and black is just a pawn to the good.
However it´s not totally clear after the energetically} 15. e5 $5 Bxe5 16. Nc4
{followed by 0-0-0 in the next move, but it´s hard to belive it should be
enough compensation for white.}) 12... Bxe4 13. fxe4 cxd4 14. Qxd4 {After all
exchanges white has captured the pair of bishops, but black´s pawn structure
is more solid and white has still got some problems with his king.} e5 15. Qd2
Qe7 {Black overprotects his pawn on e5 to be able to play ...Ba3 later on and
exchange the stronger white bishop on b2.} 16. O-O O-O ({To play} 16... Ba3 {
here would have been a big mistake. After} 17. Bxa3 Qxa3 18. Qg5 Qc5+ 19. Kh1 {
black has no good way to defend his g7 pawn because} O-O {loses a piece after}
20. Rxf6 {and 19...Kf8 does just look too ugly.}) 17. Rf5 {White puts pressure
on the e5 pawn and stops black´s plans with ...Ba3 for the moment.} Rad8 18.
Qe2 Bc5+ 19. Kh1 Bd4 {Black has managed to get his bishop forward to d4 and is
now about to swap off the important white bishop on b2. White must stop this
at all costs and is now forced to close the nice bishopdiagonal.} 20. c3 Bc5
21. Raf1 {Black is under pressure and moves like Rxf6 can soon become reality.
Therefore he chooses to retreat with the knight already now.} Ne8 22. Bc1 {
The white bishop finds a new diagonal where it can suport the forthcoming
advance of the pawns on the kingside.} f6 23. g4 Nd6 24. R5f3 Nf7 25. h4 Kh8 {
Black leaves the c4-g8 diagonal with his king, not to get exposed after a
g5-break in combination with Qc4. On the other hand he loses protection on the
f7-knight.} 26. Kh2 {A calm waiting move. White has no need to hurry and can
just prepare slowly for the comming g4-g5-break.} ({The immidiate} 26. g5 {
is possible, but after} fxg5 27. hxg5 (27. Qc4 $4 {Doesn´t work because of} g4
$1 {followed by ...Qxh4 and Black wins.}) 27... Nd6 {the worst is over for him.
}) 26... Ba3 {A surpricing move. Black sacrifaces a pawn to get through the
desired exchange of the black bishops. Th equestion is if it really was worth
the price.} 27. Bxa3 Qxa3 28. g5 Qe7 29. gxf6 gxf6 30. Rxf6 Rd6 31. Qf2 Kg7 $1
({After} 31... Qxf6 32. Qxf6+ Rxf6 33. Rxf6 Kg7 34. Re6 $1 {white is winning.
Except of the extra pawn he also has the more active rook and will soon be
controlling the seventh rank.}) 32. Qg3+ {In this part of the game we were
both in timetrouble and had only a few minutes left. Therefore I decided to
repeat moves a couple of times not to make any mistakes before the 40th move.}
({An interesting alternative was} 32. Rxd6 Qxd6 (32... Nxd6 $4 {loses another
pawn for black after} 33. Qg3+ Kh8 34. Rxf8+ Qxf8 35. Qxe5+ {and white wins.})
33. Qxa7 {White is two pawns up and has a winning position. But I got a little
scared of} b6 {and decided to play safe instead, not giving my opponent any
chances of counterplay. Most probably this would have been the objectively
best continuation.}) 32... Kh8 33. Qf2 Kg7 34. Qg3+ Kh8 35. Qf3 Kg7 36. Qg4+
Kh8 37. Qf3 Kg7 38. Qg4+ Kh8 39. Qf5 Kg7 40. Rxd6 {Forced because if I give
another check on g4 black can claim a draw by repetition.} Nxd6 (40... Qxd6 {
was possible as well.}) 41. Qg4+ $1 (41. Qxf8+ {just makes black´s task easier.
After} Qxf8 42. Rxf8 Kxf8 {he has got good drawing chances.}) 41... Kh8 42.
Rxf8+ Qxf8 43. Qg5 $1 Nf7 {The only move! Black has no other good way to
protect the e5 pawn. Both in the case of ...Qe8 and...Qg7 black loses a piece
after a queencheck on f6 respective d8 and if} (43... Qf4+ 44. Qxf4 exf4 45.
Kh3 {white has an easy won endgame.}) 44. Qf6+ Kg8 (44... Qg7 {I would have
answered with} 45. Qe7 {with continuous pressure for white.}) 45. Bh3 {Be6 is
threatened forceing a won pawnendgame for white.} Qd8 $2 (45... Qg7 {was
nessesary. If white swaps off the queens, black will get the same type of play
as in the game with good drawingchanses. But instead White can play} 46. Qe6 $1
{and Black has got problems. He is in principle almost stalemated. The knight
is nailed to f7 and the king cannot move because of Qc8+ winning the b7 pawn.
The best move seems to be} Qf8 {and despite the overwhelming position of white
I havn´t been able to find any clear win.}) ({After} 45... Qd6 $2 46. Be6 $1
Qd2+ 47. Kg3 Qe1+ 48. Qf2 Qxc3+ 49. Kg4 Qc7 50. Qxf7+ Qxf7 51. Bxf7+ Kxf7 52.
Kf5 {White has a won pawnendgame.}) (45... Qh6 $2 {leads to a disaster for
black after} 46. Qxh6 Nxh6 47. Be6+ Kf8 48. Kg3 Ke7 49. Bd5 b6 50. c4 {and the
black knight is stuck on the edge. If it returns white will just swap it off
getting a won pawn endgame.}) 46. Qxd8+ Nxd8 47. Kg3 $2 {Here I missed a easy
win. Instead} (47. Bf1 $3 {should have been played.} Kg7 48. Bc4 {followed by
Bd5 in the next move and Black´s knight is stalemated, which in practice means
the loss of the game because White is a pawn up and Black cannot allow an
exchange of knight versus bishop.}) 47... Kg7 48. Bd7 Nf7 49. Be6 Nd6 50. Bd5
b6 51. a4 Kf6 52. Kg4 h6 53. Bc6 Kg6 54. Bd7 Kf6 55. Kf3 Kg6 56. Bg4 Ne8 57.
Ke3 Kf6 58. Kd3 Ke7 59. Bh5 Nc7 60. Kc4 Kd6 {Black has now achieved an
impenetrable blockade and the position is most probably drawn, but there is
still possible to go wrong.} 61. b4 Kc6 62. Bf7 Kd6 63. Kd3 Ke7 64. Bg6 Kf6 65.
Bf5 Ke7 66. Ke3 Kf6 67. Kf3 Ke7 $2 {Black continues with passive defence, but
it involves too big risks for him as the game will show. Instead he should
have transfered his knight to d6 where it will have better future prospects
than on c7. It is very hard to find any good continuation for White then, so
Black should keep the draw.} 68. Kg4 Kf6 69. Bd7 Kg6 70. Bf5+ Kf6 71. Kh5 Kg7
72. Bd7 Kh7 73. b5 {White has now succeded locking the Black knight in, who
has only two squares to move between, a8 and c7.} Kg7 74. c4 Kh7 (74... Na8 {
was interesting. The idéa is that Baclk´s king should be one step closer when
White breaks with his pawns on the queenside.}) 75. Bf5+ Kg7 76. Bd7 Kh7 {
White has now obtained the startingposition to a little combination that not
nessesarily leads to a win, but it will be required exact defence from the
Black side.} 77. c5 $1 {White´s only chance to win is to sacrifice a pawn to
create a passed pawn on the queenside.} (77. a5 {was also interesting, b ut
usually it is an advantage to have a distant passed pawn if possible.}) 77...
bxc5 ({After} 77... Kg7 $4 {there will follow} 78. cxb6 axb6 79. Kg4 $1 {
White leaves the exposed position of his king on h5, notice a knightcheck on
f6 would give checkmate!} ({If} 79. Bc8 $2 {there will follow} Ne8 {
threatening mate on f6.}) 79... Kf6 80. Bc8 $3 {The bishop keeps the important
a6-square and Black has no way to stop the White b-pawn.} Na8 ({On} 80... Ke7
81. Kh5 {is comming, winning the h6-pawn.}) (80... Ne8 81. a5 bxa5 82. b6 Nd6
83. b7 {is winning as well.}) 81. h5 Nc7 82. a5 bxa5 83. b6 {and the b-pawn
will soon become a Queen.}) 78. a5 Kg7 $2 ({Instead Black should have played} 
78... c4 79. b6 axb6 80. axb6 Na6 {leading to the game after} 81. Ba4 ({
In case of} 81. Bb5 $2 c3 $1 82. Bxa6 (82. Bd3 Nc5 83. Bc2 Nd7 $3 {White
cannot protect both his b-pawn and the matethreat on f6.}) 82... c2 83. b7 c1=Q
84. b8=Q Qd1+ 85. Be2 Qxe2#) 81... Kg7 82. b7 {but now Black ha avoided the
possibility of 81.Bb5 that was in the game.}) ({Even here} 78... Na8 {is
possible. Black protects against b5-b6 and 79.Bc6 can be answered with ...c4!
forcing White to return with his bishop stoping the Black pawn. But instead
White can play} 79. Be6 $1 {with the idea of Bd5 followed by b6.}) 79. b6 axb6
80. axb6 Na6 81. Ba4 $2 ({It was better to play} 81. Bb5 $1 {stopping the
advance of Black´s c-pawn.} Nb8 82. Kg4 {The White king is going to c4!} Kg6 {
Forced. After} (82... Kf6 83. Kf3 Ke7 84. Ke3 Kd6 (84... Nd7 85. b7 Nb8 86. Kd3
Kd6 87. Kc4 Kc7 88. Kxc5 Kxb7 89. Kd6 Kb6 90. Be8 {and White wins.}) 85. Kd3
Nc6 86. b7 Nb4+ 87. Kc4 Kc7 88. Kxc5 {White is winning even though Black still
can fight on for a while.}) 83. Kf3 Kh5 $1 84. Kg3 $1 Kg6 85. Kg4 Kf6 86. Kf3
Kg6 {följer} 87. Be8+ $1 Kf6 88. Ke3 Ke7 89. Bb5 Kd6 90. Kd3 {and White is
winning.}) 81... c4 82. b7 c3 83. Bd1 $1 {From here the bishop also keeps an
eey on the h5-square not letting the Black king enter on the White kingside.}
Nb8 84. Kg4 Kf6 (84... Kg6 $2 {loses time after} 85. Kf3 Kh5 86. Kg3+ $1 Kg6
87. Kf2 {Now the only chance for Black is to try} Nd7 88. Ke3 c2 89. Bxc2 Kh5 {
but White is winning after} 90. Ba4 Nb8 91. Kd3 Kxh4 92. Kc4 h5 93. Bd1 Kg5 94.
Kd5 h4 95. Kxe5 h3 96. Bf3) 85. Kf3 Ke7 86. Ke3 Kd6 87. Kd3 ({After} 87. Bb3
Kc7 88. Bd5 Nd7 89. Kd3 Nf8 90. Kxc3 Ng6 91. h5 Nf4 {Black is fine.}) 87... Kc7
88. Kxc3 Kxb7 89. Kc4 Kc6 $4 {A seemingly natural move. Black prevents the
White king to enter d5, but his knight on b8 will now be out of squares
leading to the loss of the game.} ({Instead} 89... Nd7 {was nessesary and after
} 90. Kd5 Kc7 91. Be2 $1 Kd8 92. Bb5 Nf6+ 93. Kxe5 Nxe4 $1 94. Kxe4 Ke7 95. Kf5
Kf7 {the Black king reaches the corner in time with a theoretical drawn
position.}) 90. Ba4+ $1 Kd6 91. Bb5 h5 (91... Nc6 92. Bxc6 Kxc6 93. h5 $1 Kd6
94. Kb5 Ke6 95. Kc6 Kf6 96. Kd6 Kg5 97. Kxe5 Kxh5 98. Kf5 $1 {and White wins.})
({The best chance for Black was} 91... Kc7 92. Kc5 Kb7 93. Kd6 Kb6 94. Be8 Na6
95. Kxe5 {but this is lost as well. Black is too many tempi away from having a
realistic chance to get his king to the h8-corner.}) 92. Kb4 Kc7 93. Kc5 Kb7
94. Kd6 Kb6 95. Be8 Na6 96. Bxh5 Nc5 97. Bg6 Nd3 98. h5 Nf4 1-0

[Event "Zadar op-A"]
[Site "Zadar"]
[Date "2015.12.19"]
[Round "9"]
[White "Kozul, Zdenko"]
[Black "Postny, Evgeny"]
[Result "1-0"]
[WhiteElo "2602"]
[BlackElo "2670"]
[Annotator "Besenthal,K"]
[PlyCount "113"]
[EventDate "2015.12.13"]
[EventType "swiss"]
[EventRounds "9"]
[EventCountry "CRO"]
[SourceTitle "EXT 2017"]
[Source "ChessBase"]
[SourceDate "2016.10.25"]
[SourceVersion "1"]
[SourceVersionDate "2016.10.25"]
[SourceQuality "1"]

1. Nf3 d5 2. g3 c6 3. Bg2 Bg4 4. O-O Nd7 5. h3 Bh5 6. d3 e5 7. c4 dxc4 8. dxc4
Ngf6 9. Nh4 Bc5 10. Nc3 O-O 11. Na4 Qc7 12. Bg5 Be7 13. Nf5 Bd8 14. c5 Bg6 15.
e4 b5 16. cxb6 axb6 17. Be3 b5 18. Nc3 b4 19. Na4 Bxf5 20. exf5 e4 21. b3 {
In der jetzt erreichten Stellung hat Schwarz drei Bauern, die zur Schwäche
neigen (b4, c6, e4), während es beim Weißen nur zwei sind (a2, f5).
Außerdem käme Weiß eine weitere Öffnung der Stellung natürlich entgegen,
da er über das Läuferpaar verfügt. Letztlich kommt es genau so: Alle
genannten Bauern verschwinden vom Brett und der weiße Lg2 erwacht zum Leben.
Schwarz hätte zunächst den Be4 sorgfältig decken müssen.} Nd5 (21... Qe5 {
Wäre ein guter Zug gewesen: Schwarz kassiert den Bf5 sofort ein und gibt im
Gegenzug den Bc6 auf. Mit Zügen wie Te8 und Le7 kann er die verbleibenden
Bauern b4 und e4 danach zunächst stärken, bevor er dann evtl. sogar von
seinem Raumvorteil profitieren könnte. Im Gegensatz zur Partiefortsetzung
hätte Schwarz hier den Vorteil, das Feld c5 nicht für den weißen Springer
freizugeben.}) 22. Bd4 N7f6 (22... e3 23. Bxd5 cxd5 24. Bxe3 Qe5 25. Qd3 {
hätte es Schwarz zwar gestattet, sich von der Schwäche e4 zu befreien, doch
wäre er auch hier mit einem Minusbauern zurückgeblieben.}) 23. Re1 {Weiß
greift jetzt mit allen seinen Kräften den Be4 an. Es war zu diesem Zeitpunkt
schwer zu sehen, wie schnell dies zum Erfolg führen würde.} Qc8 24. Rc1 Qxf5
25. Rxc6 h5 26. Qc2 Re8 27. Rc4 Rb8 28. Nc5 Bb6 29. Nxe4 Bxd4 30. Rxd4 Kh8 31.
Qd2 Nc3 32. Nxc3 Rxe1+ 33. Qxe1 bxc3 34. Qxc3 Qb1+ 35. Bf1 Qxa2 {Diese
Stellung ist natürlich für Weiß glatt gewonnen.} 36. b4 Qa7 37. b5 Re8 38.
Rb4 Qb8 39. Bg2 Rc8 40. Rc4 Rd8 41. Qb3 Qb6 42. Rc6 Qa5 43. Rc1 Qb6 44. Qb4 Kg8
45. Bf1 h4 46. Qxh4 Qa5 47. Qc4 Re8 48. Qc7 Qd2 49. Qc2 Qa5 50. Qb3 Ne4 51. Qe3
Nf6 52. Qc3 Qd8 53. Bg2 Qd6 54. Qc6 Qa3 55. b6 Re6 56. Qc8+ Re8 57. b7 1-0

[Event "EU-ch 17th"]
[Site "Gjakova"]
[Date "2016.05.13"]
[Round "2"]
[White "Kozul, Zdenko"]
[Black "Matlakov, Maxim"]
[Result "0-1"]
[WhiteElo "2591"]
[BlackElo "2693"]
[Annotator "Besenthal,K"]
[PlyCount "60"]
[EventDate "2016.05.12"]
[EventType "swiss"]
[EventRounds "11"]
[EventCountry "KOS"]
[SourceTitle "CBM 173"]
[Source "ChessBase"]
[SourceDate "2016.07.12"]
[SourceVersion "1"]
[SourceVersionDate "2016.07.12"]
[SourceQuality "1"]

1. Nf3 d5 2. g3 Bg4 3. Bg2 c6 4. d3 Nf6 5. O-O Nbd7 6. h3 Bh5 7. g4 $5 ({
In der absoluten Weltspitze wurde hier bislang vorsichtiger zu Werke gegangen.
} 7. Qe1 e5 8. e4 dxe4 9. dxe4 Bc5 10. a4 O-O 11. Nh4 a5 12. Nd2 Qc7 13. Kh1
Rfe8 14. Nb3 Bb4 15. Bd2 Bxd2 16. Qxd2 Red8 17. Qc3 Bg6 18. Nxg6 hxg6 19. Rfd1
b6 20. Bf3 Nf8 21. Kg2 Ne6 22. h4 g5 23. hxg5 Rxd1 24. Rxd1 Nxg5 25. Qe3 Nxf3
26. Qxf3 Rd8 27. Rxd8+ Qxd8 28. Qe2 g6 29. c3 Qd6 30. Nd2 b5 31. Nb3 bxa4 32.
Nxa5 Qc5 33. Nc4 Qb5 34. Kf1 Kg7 35. Ke1 Nd7 36. f3 Qc5 37. Kf1 Qb5 38. Ke1 Qc5
39. Kf1 Nb6 40. Na3 Qd6 41. Ke1 Qc5 42. Qf2 Qxf2+ 43. Kxf2 Kf6 44. Ke3 Kg5 45.
Kd3 f5 46. exf5 gxf5 47. Nb1 e4+ 48. fxe4 fxe4+ 49. Kd4 e3 50. Kxe3 Nc4+ 51.
Ke2 Nxb2 52. Na3 Kf5 53. Kd2 Ke4 54. Kc2 Nd3 55. Nc4 Nc5 56. Kb2 Kf3 57. Ne5+
Kxg3 58. Nxc6 Kf4 59. Ka3 Ne4 60. c4 Nd6 61. Na5 Nxc4+ 62. Nxc4 {1/2-1/2 (62)
Giri,A (2784)-So,W (2775) Doha 2015}) 7... Bg6 8. Nh4 $5 {Diagramm [#] Das
lässt das Pendel bereits ganz unmerklich zur schwarzen Seite ausschlagen.
Egal, ob Weiß dem Gegner durch das Schlagen auf g6 die h-Linie öffnet oder
ob er (nach Sf5) mit dem g-Bauern zurückschlagen muss: In einer praktischen
Partie bedeutet beides eine bedenkliche Schwächung der Königssicherheit.} e5
9. e3 $5 {Schließt ohne Not den Lc1 ein.} Bd6 10. c4 dxc4 $1 {In diesem
Stellungstyp immer gut, wenn Weiß mit dem Bauern zurücknehmen muss.
Anschließend kann der Anziehende e5-e4 (was auch noch den Lg2 lahmlegen
würde) nur unter Inkaufnahme weiterer Schwächungen verhindern.} 11. Nxg6 hxg6
12. dxc4 Qe7 13. g5 Nh5 14. Nc3 {Diagramm [#]} O-O-O (14... Qxg5 $4 15. Ne4)
15. Ne4 Bc7 16. Qa4 f5 17. gxf6 gxf6 18. b4 (18. Qxa7 $2 f5 19. Nc3 e4 $17)
18... Kb8 19. Ba3 f5 20. Nc5 Nxc5 21. bxc5 {Diagramm [#] Der weiße Läufer
bleibt auch auf a3 ohne Wirkung!} e4 22. Rab1 Ka8 23. Rb3 Bb8 (23... Qe5 $1 24.
Re1 Qh2+ 25. Kf1 Ng3+ 26. fxg3 Rd2 27. Re2 Rxe2 28. Kxe2 Qxg2+ {wäre noch
zwingender gewesen.}) 24. Bb2 Rhf8 25. Qb4 Rd7 26. f4 g5 27. Be5 gxf4 28. Bxb8
Kxb8 29. exf4 Rg8 30. Kh2 Nxf4 0-1

[Event "Bundesliga 1516"]
[Site "Germany"]
[Date "2016.04.23"]
[Round "14.7"]
[White "Braun, Arik"]
[Black "Jussupow, Artur"]
[Result "0-1"]
[WhiteElo "2563"]
[BlackElo "2576"]
[Annotator "Besenthal,K"]
[PlyCount "92"]
[EventDate "2015.09.18"]
[EventType "team-tourn"]
[EventRounds "15"]
[EventCountry "GER"]
[SourceTitle "CBM 172"]
[Source "ChessBase"]
[SourceDate "2016.05.12"]
[SourceVersion "1"]
[SourceVersionDate "2016.05.12"]
[SourceQuality "1"]
[WhiteTeam "Hockenheim"]
[BlackTeam "Solingen"]
[WhiteTeamCountry "GER"]
[BlackTeamCountry "GER"]

1. Nf3 d5 2. g3 c6 3. Bg2 Bg4 4. O-O Nd7 5. d3 Ngf6 6. Nbd2 e5 7. e4 dxe4 8.
dxe4 Bc5 9. h3 Bh5 10. Qe1 O-O {Diagramm [#] Schwarz hat alle seine Figuren
auf gute Felder gestellt und kann sehr zufrieden sein. Unglaublich ist aber,
wie lange der weiße Lc1 jetzt auf seinem Ausgangsfeld verbleibt, was
irgendwie sinnbildlich für den gesamten Partieverlauf ist.} 11. Nh4 Re8 12. a4
Bf8 13. Nc4 Nc5 14. Nf5 b5 15. axb5 cxb5 16. Na5 Rc8 17. g4 Bg6 18. Qe2 a6 19.
Nb3 Na4 20. c3 Qc7 21. Rd1 Nd7 22. Ne3 Ndb6 23. Nd5 Nxd5 24. exd5 f5 25. gxf5
Bxf5 26. Nd2 e4 27. Nf1 $2 (27. Nxe4 Nc5 28. f3 $11) 27... Bd6 28. Ne3 Bg6 29.
h4 $2 {Diagramm [#] Weiß sollte seinen König besser nicht weiter entblößen,
sondern ihn vielmehr schützen.} (29. Nf1 $1) 29... Qf7 30. Bh3 Bh5 31. Bg4 {
Diagramm [#]} Re5 $5 (31... Qf4 $1 32. Kf1 Qh2 33. Ke1 Bxg4 34. Qxg4 Rf8 $19)
32. Bxh5 Rxh5 33. Qg4 Re8 34. Ng2 (34. Nc2 Rf5 {macht es auch nicht wirklich
besser.}) 34... Rf5 35. Be3 {Jetzt macht diese Figur doch noch ihren ersten
Zug.} h5 36. Qe2 Rf3 {Diagramm [#] Es gelingt Weiß in der Folge nicht mehr,
am Königsflügel alles zusammenzuhalten.} 37. Rxa4 bxa4 38. Qxa6 Qf6 39. Qxa4
Qe5 40. Kf1 Ref8 41. Qd7 Qh2 42. Qe6+ Kh8 43. Rd2 Qh1+ 44. Ke2 Qxg2 45. Qxd6
Rxf2+ 46. Kd1 Qf3+ 0-1